<?xml version="1.0" encoding="UTF-8"?>
<record
    xmlns:xsi="http://www.w3.org/2001/XMLSchema-instance"
    xsi:schemaLocation="http://www.loc.gov/MARC21/slim http://www.loc.gov/standards/marcxml/schema/MARC21slim.xsd"
    xmlns="http://www.loc.gov/MARC21/slim">

  <leader>01420nam a2200325   4500</leader>
  <controlfield tag="003">RDA</controlfield>
  <controlfield tag="005">20250227094117.0</controlfield>
  <controlfield tag="008">RDA</controlfield>
  <datafield tag="020" ind1=" " ind2=" ">
    <subfield code="a">9781869285692</subfield>
  </datafield>
  <datafield tag="020" ind1=" " ind2=" ">
    <subfield code="a">1869285697</subfield>
  </datafield>
  <datafield tag="040" ind1=" " ind2=" ">
    <subfield code="a">RDA</subfield>
    <subfield code="b">E</subfield>
    <subfield code="c">3228</subfield>
  </datafield>
  <datafield tag="082" ind1="0" ind2="4">
    <subfield code="a">658.83</subfield>
    <subfield code="2">22</subfield>
  </datafield>
  <datafield tag="100" ind1=" " ind2=" ">
    <subfield code="a">Cant Mike</subfield>
    <subfield code="9">192084</subfield>
  </datafield>
  <datafield tag="245" ind1="0" ind2="0">
    <subfield code="a">Marketing research /</subfield>
    <subfield code="c">editor, Michael Cant ; contributors, Charlene Gerber-Nel, Daniel Nel, Theuns Kotze.</subfield>
  </datafield>
  <datafield tag="250" ind1=" " ind2=" ">
    <subfield code="a">2nd ed.</subfield>
  </datafield>
  <datafield tag="260" ind1=" " ind2=" ">
    <subfield code="a">Hatfield, Pretoria :</subfield>
    <subfield code="b">Van Schaik Publishers,</subfield>
    <subfield code="c">2008.</subfield>
  </datafield>
  <datafield tag="300" ind1=" " ind2=" ">
    <subfield code="a">vii, 249 pages :</subfield>
    <subfield code="b">illustrations ;</subfield>
    <subfield code="c">25 cm.</subfield>
  </datafield>
  <datafield tag="490" ind1="1" ind2=" ">
    <subfield code="a">New Africa marketing series.</subfield>
  </datafield>
  <datafield tag="504" ind1=" " ind2=" ">
    <subfield code="a">Includes bibliographical references.</subfield>
  </datafield>
  <datafield tag="505" ind1="0" ind2=" ">
    <subfield code="a">Introduction to marketing research -- The marketing research process -- Conducting secondary research -- Methods for conducting primary research -- Measurement concepts and questionnaire design -- Sampling and fieldwork -- Data preparation and data analysis -- Reporting research results.</subfield>
  </datafield>
  <datafield tag="534" ind1=" " ind2=" ">
    <subfield code="p">Reprint. Originally published:</subfield>
    <subfield code="c">Claremont, South Africa : New Africa Books, 2005.</subfield>
  </datafield>
  <datafield tag="650" ind1=" " ind2="0">
    <subfield code="a">Marketing research.</subfield>
    <subfield code="9">181845</subfield>
  </datafield>
  <datafield tag="650" ind1=" " ind2="0">
    <subfield code="a">Marketing research</subfield>
    <subfield code="z">South Africa.</subfield>
    <subfield code="9">181846</subfield>
  </datafield>
  <datafield tag="700" ind1="1" ind2=" ">
    <subfield code="a">Cant, M. C.</subfield>
    <subfield code="q">(Michael Colin),</subfield>
    <subfield code="d">1957-</subfield>
    <subfield code="9">181847</subfield>
  </datafield>
  <datafield tag="700" ind1="1" ind2=" ">
    <subfield code="a">Gerber-Nel, C.</subfield>
    <subfield code="q">(Charlene)</subfield>
    <subfield code="9">181848</subfield>
  </datafield>
  <datafield tag="700" ind1="1" ind2=" ">
    <subfield code="a">Nel, D.</subfield>
    <subfield code="q">(Daniel)</subfield>
    <subfield code="9">181849</subfield>
  </datafield>
  <datafield tag="700" ind1="1" ind2=" ">
    <subfield code="a">Kotz&#xE9;, Theuns,</subfield>
    <subfield code="d">1969-</subfield>
    <subfield code="9">181850</subfield>
  </datafield>
  <datafield tag="830" ind1=" " ind2="0">
    <subfield code="a">New Africa marketing series.</subfield>
    <subfield code="9">181851</subfield>
  </datafield>
  <datafield tag="942" ind1=" " ind2=" ">
    <subfield code="2">ddc</subfield>
    <subfield code="c">BOOK</subfield>
    <subfield code="w">366</subfield>
    <subfield code="x">Thandeka Mbuyisa</subfield>
    <subfield code="y">366</subfield>
    <subfield code="z">Thandeka Mbuyisa</subfield>
  </datafield>
  <datafield tag="999" ind1=" " ind2=" ">
    <subfield code="c">772539</subfield>
    <subfield code="d">772538</subfield>
  </datafield>
</record>
